| 000 | 00889nam a22003017i 4500 | ||
|---|---|---|---|
| 999 |
_c33836 _d33836 |
||
| 001 | 768414001 | ||
| 003 | CO-MdFUSB | ||
| 005 | 20200526125627.0 | ||
| 007 | ta | ||
| 008 | 170726t1968 s ||||| |||| 00| 0 s d | ||
| 020 | _a8470571850 | ||
| 040 |
_aCO-MdFUSB _bspa _cCO-MdFUSB _dCO-MdFUSBC _erda |
||
| 041 | 0 | _aspa | |
| 082 | 0 | 4 |
_223 _a221.82 _bE344 |
| 100 | 1 |
_aEichrodt, Walther (1890-) _eautor |
|
| 240 | _a Theologie Des Alten Testaments | ||
| 245 | 1 | 0 |
_aTeología del Antiguo Testamento : _bDios y el Pueblo _c/ Walther Eichrodt |
| 264 | 1 |
_aMadrid, España : _bCristiandad, _c[1968] |
|
| 264 | 4 | _c©1968 | |
| 300 |
_a477 páginas _c; 24 cm |
||
| 336 |
_2rdacontent _atexto _btxt |
||
| 337 |
_2rdamedia _asin mediación _bn |
||
| 338 |
_2rdacarrier _avolumen _bnc |
||
| 563 | _aRústico | ||
| 650 | 7 |
_aDios _xEnseñanza bíblica _9323 |
|
| 942 | _cBK | ||
| 945 | _aJTF-925 | ||